| 000 -LEADER |
| fixed length control field |
00593nam a2200217 a 4500 |
| 003 - CONTROL NUMBER IDENTIFIER |
| control field |
PK-NaQUE |
| 005 - DATE AND TIME OF LATEST TRANSACTION |
| control field |
20260408142659.0 |
| 008 - FIXED-LENGTH DATA ELEMENTS--GENERAL INFORMATION |
| fixed length control field |
260408b ||||| |||| 00| 0 eng d |
| 020 ## - INTERNATIONAL STANDARD BOOK NUMBER |
| International Standard Book Number |
8126528516 (paperback) |
| 020 ## - INTERNATIONAL STANDARD BOOK NUMBER |
| International Standard Book Number |
9788126528516 (paperback) |
| 040 ## - CATALOGING SOURCE |
| Transcribing agency |
QUEST |
| 100 1# - MAIN ENTRY--PERSONAL NAME |
| Personal name |
Gross, Charles A. |
| 245 10 - TITLE STATEMENT |
| Title |
Power System Analysis |
| 250 ## - EDITION STATEMENT |
| Edition statement |
2nd edition |
| 260 ## - PUBLICATION, DISTRIBUTION, ETC. (IMPRINT) |
| Place of publication, distribution, etc |
[S.l.] : |
| Name of publisher, distributor, etc |
Wiley, |
| Date of publication, distribution, etc |
2011. |
| 300 ## - PHYSICAL DESCRIPTION |
| Extent |
1 v. (unpaged) |
| 490 1# - SERIES STATEMENT |
| Series statement |
I.E. |
| 650 ## - SUBJECT ADDED ENTRY--TOPICAL TERM |
| Topical term or geographic name as entry element |
Power System Analysis |
| 856 40 - ELECTRONIC LOCATION AND ACCESS |
| Uniform Resource Identifier |
http://10.10.170.122:8080/browse/book/27676 |
| Link text |
Download eBook |
| 942 ## - ADDED ENTRY ELEMENTS (KOHA) |
| Koha item type |
Books |
| Source of classification or shelving scheme |
|